| 000 | 02408nam a2200481 a 4500 | ||
|---|---|---|---|
| 999 |
_c56480 _d56480 |
||
| 003 | BLK | ||
| 005 | 20250128005501.0 | ||
| 008 | 180408b bul|||||r ||||||| ||bul|| | ||
| 010 | _aKNG00060462000 | ||
| 040 | _aBLK | ||
| 041 |
_aBUL _cBUL |
||
| 072 | 7 |
_2bullib _aК _xКраезнание |
|
| 080 |
_aПериод на феодализма в българските земи (VII век -I пол. на XVIII век) _b94(497.2)"06/17" _z94(497.2)"06/17" |
||
| 100 |
_aГандев, Христо Николов _eпърви автор _9282008 |
||
| 139 |
_aГандев, Христо Николов _bГ 19 |
||
| 245 | 1 | 0 |
_aБългарската народност през ХV век _bДемогр. и етногр. изследване _cХристо Гандев. |
| 257 | _aBGR | ||
| 260 |
_aСофия _bНаука и изкуство _c1972 _fСофия : ДП Георги Димитров |
||
| 300 |
_a398 с. _bс к., 12 л. ил., факс. _c24 см |
||
| 380 | _a9 | ||
| 490 |
_aЧастна колекция - Академик Михаил Арнаудов _9396381 _gДарение - Основен фонд |
||
| 490 |
_aВекове _9478308 |
||
| 500 | _aФонд Михаил Арнаудов - Автограф с текст: На академик Михаил Арнаудов с най-дълбоко уважение от неговия ученик Хр. Гандев 10. ІІІ. 1973(инв. № 120000836748). - Отбелязана с. 72 ; Негов лист с посочени с. и съответните градове. | ||
| 650 | 4 |
_aБългария - етнография _9247281 |
|
| 650 | 4 |
_aБългария - население - статистически данни _9277319 |
|
| 650 | 0 |
_aБългария - история, османско владичество _9245876 |
|
| 651 | 4 |
_aБългария _9241624 |
|
| 653 | _aбългарска история | ||
| 653 | _aнаселение | ||
| 653 | _aстатистика | ||
| 653 | _aосманско владичество | ||
| 653 | _aетнография | ||
| 659 | _aК | ||
| 852 |
_aЦб 66078 _bЦб |
||
| 852 | _aК 94(497.2)/Г 19 Х | ||
| 852 | _aМА 4847 | ||
| 856 | 4 | _qpdf | |
| 856 | 4 | _qpdf | |
| 942 |
_cKNG _n0 _01 _s1 |
||
| 944 |
_aCR _c13.06.2004 _lCRON CRON _k |
||
| 944 |
_aED _c11.01.2017 _lф / _kНора_Радева |
||
| 944 |
_aED _c2022-07-19 _kГГГ |
||